Normal view MARC view

Entry Personal Name

Number of records used in: 1

001 - CONTROL NUMBER

  • control field: 33837

003 - CONTROL NUMBER IDENTIFIER

  • control field: dpl

005 - DATE AND TIME OF LATEST TRANSACTION

  • control field: 20110829112328.0

008 - FIXED-LENGTH DATA ELEMENTS

  • fixed length control field: 110829|||a|||||| | ||| d

040 ## - CATALOGING SOURCE

  • Original cataloging agency: dpl
  • Transcribing agency: dpl

100 ## - HEADING--PERSONAL NAME

  • Personal name: Tulsian, P.C.

670 ## - SOURCE DATA FOUND

  • Source citation: Work cat.: (dpl)45025: Tulsian, P.C., Tulsian's financial management :, 2010

670 ## - SOURCE DATA FOUND

  • Source citation: Work cat.: (dpl)45025: Tulsian, P.C., Tulsian's financial management :, 2010

© Delhi Public Library
Hit Counter
free hit counter